[Event "Montreal Transcontinental 3-B"]
[Site "Montreal"]
[Date "2010.10.24"]
[Round "5"]
[White "Cote, Etienne"]
[Black "Sonn, Eric"]
[Result "1-0"]
[WhiteElo "1689"]
[BlackElo "1575"]
[PlyCount "55"]
[EventDate "2010.10.22"]
[EventType "tourn"]
[EventRounds "5"]
[EventCountry "CAN"]
[SourceTitle "EXT 2013"]
[Source "ChessBase"]
[SourceDate "2012.11.22"]
[SourceVersion "1"]
[SourceVersionDate "2012.11.22"]
[SourceQuality "1"]

1. e4 c5 2. Nc3 e6 3. g3 Nc6 4. Bg2 g6 5. d3 Bg7 6. Be3 d6 7. f4 Nd4 8. Nf3 Ne7 9. 0-0 0-0 10. h3 Rb8 11. g4 b5 12. Bxd4 cxd4 13. Ne2 e5 14. f5 d5 15. Nh2 f6 16. Ng3 b4 17. h4 a5 18. Qd2 Bb7 19. g5 dxe4 20. dxe4 gxf5 21. exf5 Bxg2 22. Kxg2 Nd5 23. Ng4 Nf4+ 24. Rxf4 exf4 25. Nh5 fxg5 26. f6 Qd5+ 27. Kh2 Bh8 28. Nh6# 1-0

[Event "Lanaudiere"]
[Site "Repentigny"]
[Date "2009.10.17"]
[Round "2"]
[White "Cote, Etienne"]
[Black "Boyer, Eric"]
[Result "1-0"]
[WhiteElo "1641"]
[BlackElo "1621"]
[PlyCount "55"]
[EventDate "2009.10.17"]
[EventType "tourn"]
[EventRounds "5"]
[EventCountry "CAN"]
[SourceTitle "EXT 2011"]
[Source "ChessBase"]
[SourceDate "2010.11.26"]
[SourceVersion "1"]
[SourceVersionDate "2010.11.26"]
[SourceQuality "1"]

1. c4 e5 2. Nc3 Nc6 3. Nf3 f5 4. d4 exd4 5. Nxd4 Nxd4 6. Qxd4 Qf6 7. Qf4 Bd6 8. Qf3 Ne7 9. g3 Nc6 10. Qe3+ Qe5 11. Bg2 Qxe3 12. Bxe3 0-0 13. 0-0 Ne5 14. c5 Be7 15. Nd5 Bd8 16. Bf4 Re8 17. h4 h6 18. h5 c6 19. Ne3 Bf6 20. Rad1 Ng4 21. Nxf5 Bxb2 22. Nd6 Rxe2 23. Rde1 Rxf2 24. Re8+ Kh7 25. Be4+ g6 26. Bxg6+ Kg7 27. Rxf2 Bd4 28. Nf5+ 1-0

[Event "Lanaudiere"]
[Site "Repentigny"]
[Date "2009.10.17"]
[Round "3"]
[White "Soucy, Hermil"]
[Black "Cote, Etienne"]
[Result "0-1"]
[WhiteElo "1422"]
[BlackElo "1641"]
[PlyCount "74"]
[EventDate "2009.10.17"]
[EventType "tourn"]
[EventRounds "5"]
[EventCountry "CAN"]
[SourceTitle "EXT 2011"]
[Source "ChessBase"]
[SourceDate "2010.11.26"]
[SourceVersion "1"]
[SourceVersionDate "2010.11.26"]
[SourceQuality "1"]

1. Nf3 Nc6 2. d4 d5 3. e3 Nf6 4. Bb5 e6 5. Ne5 Bd7 6. Bxc6 Bxc6 7. Nxc6 bxc6 8. Nc3 c5 9. 0-0 cxd4 10. exd4 Be7 11. Bf4 a6 12. f3 0-0 13. Ne2 Nh5 14. Bd2 Bd6 15. f4 c5 16. c3 Rb8 17. Rb1 Nf6 18. Ng3 cxd4 19. cxd4 Qb6 20. Bc3 Qb5 21. Kh1 Rfc8 22. Qd2 h6 23. Qe3 h5 24. h4 Ng4 25. Qf3 g6 26. Ne2 Be7 27. Be1 Rc2 28. Nc3 Qc4 29. Bg3 Rbxb2 30. Rxb2 Rxb2 31. Nd1 Rxa2 32. Re1 Bb4 33. Ne3 Qd3 34. Nxg4 Qxf3 35. Nf6+ Kg7 36. gxf3 Bxe1 37. Nxh5+ gxh5 0-1

[Event "Quebec Interclubs sf final"]
[Site "Montreal"]
[Date "2009.05.10"]
[Round "4"]
[White "Cvetkovic, Simeon"]
[Black "Cote, Etienne"]
[Result "1-0"]
[WhiteElo "1626"]
[BlackElo "1658"]
[PlyCount "49"]
[EventDate "2009.05.08"]
[EventType "team"]
[EventRounds "5"]
[EventCountry "CAN"]
[SourceTitle "EXT 2011"]
[Source "ChessBase"]
[SourceDate "2010.11.26"]
[SourceVersion "1"]
[SourceVersionDate "2010.11.26"]
[SourceQuality "1"]

1. e4 e5 2. Nf3 Nc6 3. Bb5 a6 4. Ba4 Nf6 5. 0-0 Be7 6. Re1 b5 7. Bb3 d6 8. c3 0-0 9. h3 Na5 10. Bc2 c5 11. d4 Qc7 12. Nbd2 Nc6 13. d5 Nd8 14. a4 Rb8 15. Nf1 Ne8 16. Ng3 g6 17. Nh2 Bf6 18. Ng4 Bg7 19. Bd2 f5 20. Nh6+ Bxh6 21. Bxh6 Ng7 22. exf5 Qf7 23. fxg6 Qxf2+ 24. Kh2 Qf6 25. Rf1 1-0

[Event "Rouyn Abitibi op-A"]
[Site "Rouyn"]
[Date "1987.03.29"]
[Round "4"]
[White "Cote, Etienne"]
[Black "Gagnon, Fabien"]
[Result "1-0"]
[WhiteElo "1939"]
[BlackElo "1700"]
[PlyCount "69"]
[EventDate "1987.03.27"]
[EventType "swiss"]
[EventRounds "5"]
[EventCountry "CAN"]
[SourceTitle "EXT 2022"]
[Source "ChessBase"]
[SourceDate "2021.10.06"]
[SourceVersion "1"]
[SourceVersionDate "2021.10.06"]
[SourceQuality "1"]

1. c4 g6 2. Nc3 Bg7 3. g3 d6 4. Bg2 e5 5. b4 f5 6. Rb1 Nf6 7. d4 e4 8. Nh3 Be6 9. d5 Bf7 10. 0-0 Nbd7 11. f3 Qe7 12. fxe4 Nxe4 13. Nxe4 fxe4 14. Ng5 0-0 15. Nxe4 h6 16. Bb2 Ne5 17. c5 g5 18. Qb3 Bg6 19. cxd6 cxd6 20. Rbc1 Bxe4 21. Bxe4 Ng4 22. Bf5 Rxf5 23. Rxf5 Bxb2 24. Qxb2 Qe3+ 25. Kg2 Qe4+ 26. Rf3 Rf8 27. Rc7 Ne5 28. Qc2 Qxc2 29. Rxc2 Nxf3 30. exf3 Rf7 31. Rc8+ Kg7 32. Rd8 Rc7 33. Rxd6 h5 34. Re6 Rd7 35. d6 1-0

[Event "Rouyn-Noranda Retrouvailles"]
[Site "Rouyn"]
[Date "1986.12.20"]
[Round "2"]
[White "Bolduc, Pierre"]
[Black "Cote, Etienne"]
[Result "0-1"]
[WhiteElo "1497"]
[BlackElo "1942"]
[PlyCount "98"]
[EventDate "1986.12.19"]
[EventType "swiss"]
[EventRounds "5"]
[EventCountry "CAN"]
[SourceTitle "EXT 2022"]
[Source "ChessBase"]
[SourceDate "2021.10.06"]
[SourceVersion "1"]
[SourceVersionDate "2021.10.06"]
[SourceQuality "1"]

1. e4 e6 2. d4 d5 3. exd5 exd5 4. Bd3 Nc6 5. c3 Bd6 6. Qf3 Nge7 7. Bf4 Be6 8. Bxd6 Qxd6 9. Nd2 Ng6 10. Qg3 0-0-0 11. Qxd6 Rxd6 12. 0-0-0 Nf4 13. Bf1 Bf5 14. Ndf3 Re8 15. g3 Ng6 16. Bd3 Bxd3 17. Rxd3 Rde6 18. Kd2 f6 19. Re3 Rxe3 20. fxe3 h5 21. Nh3 Nce7 22. Re1 Nf5 23. Nf2 Nd6 24. Re2 Ne4+ 25. Kd3 Kd7 26. Nd2 f5 27. c4 c6 28. c5 b6 29. Ndxe4 fxe4+ 30. Kc3 Rf8 31. Nd1 Rf1 32. Kd2 bxc5 33. dxc5 Ne5 34. Rf2 Rxf2+ 35. Nxf2 Nc4+ 36. Ke2 Nxb2 37. g4 hxg4 38. Nxg4 Na4 39. Kd2 Nxc5 40. h4 Nd3 41. h5 Ke6 42. h6 gxh6 43. Nxh6 Kf6 44. Ng4+ Kg5 45. Nh2 Kf5 46. a3 c5 47. Kc3 Nf2 48. Nf1 Ke5 49. Nd2 Ng4 0-1